• AIU
  • Tony Wilmot Memorial Library

Human teaching for human learning : (Record no. 35282)

MARC details
000 -LEADER
fixed length control field 00580nam a22002051a 4500
003 - CONTROL NUMBER IDENTIFIER
control field NEGST
005 - DATE AND TIME OF LATEST TRANSACTION
control field 20160526020002.0
008 - FIXED-LENGTH DATA ELEMENTS--GENERAL INFORMATION
fixed length control field 030612s1971 nyu 001 0 eng d
020 ## - INTERNATIONAL STANDARD BOOK NUMBER
International Standard Book Number 670003360
100 1# - MAIN ENTRY--PERSONAL NAME
Personal name Brown, George Isaac.
245 10 - TITLE STATEMENT
Title Human teaching for human learning :
Remainder of title an introduction to confluent education /
Statement of responsibility, etc George Isaac Brown.
Medium [Text]
260 ## - PUBLICATION, DISTRIBUTION, ETC. (IMPRINT)
Place of publication, distribution, etc New York
Name of publisher, distributor, etc Viking
Date of publication, distribution, etc c1971
300 ## - PHYSICAL DESCRIPTION
Extent xvii, 298p.
500 ## - GENERAL NOTE
General note Includes bibliography.
590 ## - LOCAL NOTE (RLIN)
Local note Accession number: 19509
650 #0 - SUBJECT ADDED ENTRY--TOPICAL TERM
Topical term or geographic name as entry element Teaching.
650 #0 - SUBJECT ADDED ENTRY--TOPICAL TERM
Topical term or geographic name as entry element Learning.
942 00 - ADDED ENTRY ELEMENTS (KOHA)
Koha issues (borrowed), all copies 3
Holdings
Withdrawn status Lost status Source of classification or shelving scheme Damaged status Not for loan Collection code Home library Current library Shelving location Date acquired Cost, normal purchase price Total Checkouts Full call number Barcode Date last seen Date checked out Copy number Price effective from Koha item type
    Library of Congress Classification     General Circulation AIU/NEGST - Tony Wilmot Memorial Library AIU/NEGST - Tony Wilmot Memorial Library General Stacks 03/08/2010 20.00 6 LB 1025.2.B77 1971 R06452F3232 09/02/2019 05/25/2016 1 03/08/2010 Books